Largest farmers already green (Record no. 71180)

MARC details
000 -LEADER
fixed length control field 00868cam a2200217 4500
001 - CONTROL NUMBER
control field WB3834-22
008 - FIXED-LENGTH DATA ELEMENTS--GENERAL INFORMATION
fixed length control field 020919n2002 000 0 eng u
035 ## - SYSTEM CONTROL NUMBER
System control number (Sirsi) u119751
245 ## - TITLE STATEMENT
Title Largest farmers already green
260 ## - PUBLICATION, DISTRIBUTION, ETC.
Date of publication, distribution, etc. 2002
490 ## - SERIES STATEMENT
Series statement Farmers' Weekly
Volume/sequential designation 137(11) 13 September 2002, 25(1)
520 ## - SUMMARY, ETC.
Summary, etc. A new industry survey by Bidwells, the CLA, Syngenta and "Farmers Weekly" argues that capping aid payments to UK's larger farmers would damage the environment and employment prospects. The survey found that many larger farms are already signed up to agri-environment schemes. Table showing money lost through modulation and capping.
590 ## - LOCAL NOTE (RLIN)
Local note WB
650 ## - SUBJECT ADDED ENTRY--TOPICAL TERM
Topical term or geographic name entry element MODULATION
650 ## - SUBJECT ADDED ENTRY--TOPICAL TERM
Topical term or geographic name entry element Environment
9 (RLIN) 6238
650 ## - SUBJECT ADDED ENTRY--TOPICAL TERM
Topical term or geographic name entry element EU
650 ## - SUBJECT ADDED ENTRY--TOPICAL TERM
Topical term or geographic name entry element FARMING INDUSTRY
650 ## - SUBJECT ADDED ENTRY--TOPICAL TERM
Topical term or geographic name entry element CAPPING
690 ## - LOCAL SUBJECT ADDED ENTRY--TOPICAL TERM (OCLC, RLIN)
Topical term or geographic name as entry element RURAL-AGRICULTURE AND FORESTRY
942 ## - ADDED ENTRY ELEMENTS (KOHA)
Suppress in OPAC 0
Holdings
Withdrawn status Lost status Source of classification or shelving scheme Damaged status Not for loan Home library Current library Shelving location Date acquired Total Checkouts Full call number Barcode Date last seen Copy number Price effective from Koha item type
    Dewey Decimal Classification     London London News article 19/09/2002   WB3834-22 119751-1001 06/08/2019 1 06/08/2019 News article